<?xml version="1.0" encoding="UTF-8"?>
<collection xmlns="http://www.loc.gov/MARC21/slim">
 <record>
  <leader>00874pamaa2200241   4500</leader>
  <controlfield tag="001">0000021296</controlfield>
  <controlfield tag="005">20081030090000.0</controlfield>
  <datafield tag="020" ind1="0" ind2="0">
   <subfield code="a">0256261288 </subfield>
  </datafield>
  <datafield tag="082" ind1=" " ind2=" ">
   <subfield code="a">658.802 CRA 1999</subfield>
  </datafield>
  <datafield tag="090" ind1="0" ind2="0">
   <subfield code="a">HF5415.13 </subfield>
   <subfield code="b">CRA 1999</subfield>
  </datafield>
  <datafield tag="100" ind1="1" ind2="0">
   <subfield code="a">Cravens </subfield>
  </datafield>
  <datafield tag="245" ind1="1" ind2="0">
   <subfield code="a">Video to accompany: strategic marketing management cases (tape 2of2)  </subfield>
   <subfield code="c">David W. Cravens, Charles W. Lamb, Jr. and Victoria A. Crittenden [</subfield>
   <subfield code="m">videorecording].</subfield>
  </datafield>
  <datafield tag="260" ind1="0" ind2="0">
   <subfield code="a">Chicago: </subfield>
   <subfield code="b">McGraw-Hill, </subfield>
   <subfield code="c">1999.</subfield>
  </datafield>
  <datafield tag="300" ind1=" " ind2=" ">
   <subfield code="a">1 videocassette; </subfield>
   <subfield code="c">62 min.</subfield>
  </datafield>
  <datafield tag="500" ind1="0" ind2="0">
   <subfield code="a">Case 5-1Abb Traction (14:27)</subfield>
  </datafield>
  <datafield tag="500" ind1="0" ind2="0">
   <subfield code="a">Case 6-1 Dunkin Donuts (7:29)</subfield>
  </datafield>
  <datafield tag="500" ind1="0" ind2="0">
   <subfield code="a">Case 6-2 Roller Blade (12:00)</subfield>
  </datafield>
  <datafield tag="500" ind1="0" ind2="0">
   <subfield code="a">Case 7-1 Cutco (13:17)</subfield>
  </datafield>
  <datafield tag="500" ind1="0" ind2="0">
   <subfield code="a">Case7-2 Yoplait USA (14:42)</subfield>
  </datafield>
  <datafield tag="650" ind1="0" ind2="0">
   <subfield code="a">Marketing -- </subfield>
   <subfield code="x">Decision making </subfield>
  </datafield>
  <datafield tag="650" ind1="0" ind2="0">
   <subfield code="a">Marketing -- </subfield>
   <subfield code="x">Management -- </subfield>
   <subfield code="x">Case studies </subfield>
  </datafield>
  <datafield tag="700" ind1="1" ind2="1">
   <subfield code="a">CRITTENDEN, </subfield>
   <subfield code="h">Victoria A. </subfield>
  </datafield>
  <datafield tag="700" ind1="1" ind2="1">
   <subfield code="a">Lamb, </subfield>
   <subfield code="h">Charles W. </subfield>
  </datafield>
 </record>
</collection>
